New contracts launched for Construction Act changes (Record no. 83554)

MARC details
000 -LEADER
fixed length control field 00926cad a22002055a 4500
001 - CONTROL NUMBER
control field E154275
008 - FIXED-LENGTH DATA ELEMENTS--GENERAL INFORMATION
fixed length control field 111108e20111027xxk 000 0 eng d
035 ## - SYSTEM CONTROL NUMBER
System control number (Sirsi) u154275
041 0# - LANGUAGE CODE
Language code of text/sound track or separate title eng
110 2# - MAIN ENTRY--CORPORATE NAME
Corporate name or jurisdiction name as entry element Royal Institution of Chartered Surveyors
Subordinate unit Scotland
9 (RLIN) 3082
245 00 - TITLE STATEMENT
Title New contracts launched for Construction Act changes
Medium [electronic resource]
260 ## - PUBLICATION, DISTRIBUTION, ETC.
Date of publication, distribution, etc. 2011
490 ## - SERIES STATEMENT
Series statement RICS Scotland News Release
Volume/sequential designation 27 October 2011
520 ## - SUMMARY, ETC.
Summary, etc. The Scottish Building Contract Committee (SBCC) are launching new building contracts which will incorporate the changes to the Construction Act in Scotland from 1 November.
590 ## - LOCAL NOTE (RLIN)
Local note KA
651 #4 - SUBJECT ADDED ENTRY--GEOGRAPHIC NAME
Geographic name Scotland
Chronological subdivision 1999-
690 ## - LOCAL SUBJECT ADDED ENTRY--TOPICAL TERM (OCLC, RLIN)
Topical term or geographic name as entry element BUILT ENVIRONMENT-BUILDING CONTRACT FORMS-STANDARD FORMS OF BUILDING CONTRACT
856 40 - ELECTRONIC LOCATION AND ACCESS
Uniform Resource Identifier <a href="https://www.rics.org/site/scripts/press_article.aspx?pressreleaseID=676&categoryID=487">https://www.rics.org/site/scripts/press_article.aspx?pressreleaseID=676&categoryID=487</a>
Public note View the item free of charge at www.rics.org
942 ## - ADDED ENTRY ELEMENTS (KOHA)
Suppress in OPAC 0
Holdings
Withdrawn status Lost status Source of classification or shelving scheme Damaged status Not for loan Home library Current library Shelving location Date acquired Total Checkouts Full call number Barcode Date last seen Copy number Price effective from Koha item type
    Dewey Decimal Classification     Virtual Virtual Online 08/11/2011   ONLINE PUBLICATION 154275-1001 06/08/2019 1 06/08/2019 Journal article